000 01059nam a22003017a 4500
003 CHAP
005 20220329134821.0
008 971013s1969 r 10010 d
010 _a26426
011 _a27398
035 _a31499
040 _cCHAP
082 _a636.08
_bC64 1968
111 0 0 _aConferencia Mundial de Producción Mundial (
_n2
_d: 1968
_c: College Park, Md.)
_926558
245 _aProceedings of the second...
260 _aUrbana, Ill. :
_bAmerican Dairy Science Association,
_c1969
300 _a537 p.
_b: ilus.
590 _aBATCH-UPD
_b10
_c20130110
_lUCH01
_h1830
590 _aBATCH-UPD
_b10
_c20130410
_lUCH01
_h1202
590 _aBATCH-UPD
_b10
_c20130914
_lUCH01
_h1457
590 _aCONVERSION
_b10
_c20130109
_lUCH01
_h1315
650 1 4 _aGanadería.
_944604
650 1 4 _aGanadería
_xEstudio y enseñanza.
_944733
901 _aBK
942 _cLIBRO
949 _a636.08 C64 1968
_bBC
_cLIBRO
_d33724000258257
_eLIBRO
_h13499
_i31499
_si
_t169.00
949 _a636.08 C64 1968
_bBC
_cLIBRO
_d33724000258265
_eLIBRO
_fc.2
_h16379
_i31499
_si
_t169.00
999 _c26426
_d26426